MARC

LEADER 00000nam0a2200000 4500
001 310642
005 20231102002316.0
020 |a RU  |b 82-5392 
035 |a (RuTPU)RU\TPU\book\335992 
090 |a 310642 
100 |a 20151127d1981 km y0rusy5003 ca 
101 0 |a rus 
102 |a UA 
105 |a a z 001zy 
200 1 |a Магнетизм - что это?  |f В. Г.Барьяхтар, Б. А. Иванов 
210 |a Киев  |c Наукова думка  |d 1981 
215 |a 207 с.  |c ил. 
320 |a Библиогр.: с. 205 
606 1 |a Магнетизм  |2 stltpush  |3 (RuTPU)RU\TPU\subj\40707  |9 60547 
610 1 |a магнитоупорядоченные кристаллы 
610 1 |a ферромагнетизм 
610 1 |a ферромагнетики 
610 1 |a антиферромагнетизм 
610 1 |a антиферромагнетики 
610 1 |a ферриты 
610 1 |a теория 
610 1 |a история 
610 1 |a применение 
610 1 |a свойства 
675 |a 537.6  |z rus  |v 3 
700 1 |a Барьяхтар  |b В. Г.  |g Виктор Григорьевич  |4 070 
701 1 |a Иванов  |b Б. А.  |g Борис Алексеевич  |4 070 
801 0 |a RU  |b RuMRKP  |c 19950704  |g psbo 
801 1 |a RU  |b 63413507  |c 20151127 
801 2 |a RU  |b 63413507  |c 20190925  |g RCR 
942 |c BK